| 000 | 00718nam a2200217 u 4500 | ||
|---|---|---|---|
| 005 | 20240314063648.0 | ||
| 008 | 140904s2008 ea r 000 0 spa d | ||
| 020 | _a1404837981 (10 dígitos) | ||
| 020 | _a9781404837980 (13 dígitos) | ||
| 035 | _aUPN01000199331 | ||
| 049 | _aI | ||
| 050 | 4 |
_aPZ7 _bK5.35 |
|
| 100 | 1 |
_aKlein, Adria Fay, _d1947- _936044 |
|
| 245 | 1 | 0 |
_aMax va de paseo / _cAdria F. Klein ; tr. Sol Robledo ; il. Mernie Gallagher Cole. |
| 260 |
_aMinneapolis, E.U.A. : _bPicture Window Books, _c2008. |
||
| 300 |
_a24 p. : _bprincipalmente il. col. |
||
| 440 | 0 |
_aRead-it! readers. _pNivel Rojo |
|
| 650 | 4 |
_aCuentos infantiles estadounidenses _910762 |
|
| 905 | _aInfantil | ||
| 999 |
_c171432 _d171432 |
||